000 nam a22 7a 4500
999 _c50230
_d50230
003 OSt
005 20201102122655.0
008 201102b xxu||||| |||| 00| 0 eng d
040 _csero soft
100 _aLAL RAMAN BIHARI
245 _aCONTEMPORARY INDIA AND EDUCATION
260 _aR.LALL BOOK DEPOT MEERUT
_bR.LALL
300 _a344
942 _2ddc
_c02